Statistics for Most Populous German Cities as a Percent of Their State

Click here to take the quiz!

General Stats

  • This quiz has been taken 30 times
  • The average score is 10 of 13

Answer Stats

%StateCity% Correct
100BerlinBerlin
100%
100HamburgHamburg
100%
11.3BavariaMunich
100%
13.7SaxonyDresden
97%
83.3BremenBremen
93%
12.1HesseFrankfurt
90%
14.9SaxonyLeipzig
90%
18.3SaarlandSaarbrücken
87%
12.9Mecklenburg-VorpommernRostock
73%
10.9Saxony-AnhaltMagdeburg
67%
10.1ThuringiaErfurt
53%
16.7BremenBremerhaven
43%
11.0Saxony-AnhaltHalle
43%

Score Distribution

Percentile by Number Answered

Percent of People with Each Score

Your Score History

You have not taken this quiz